000 00809nam a2200217Ia 4500
003 0
005 20250127100507.0
008 150126s9999 xx 000 0 und d
050 _aPHS BF 637.C45
_b.Ad243 2014
100 _aAdriano, Joshua Ian L.
245 _aLevel of interpersonal skills of rpg players and non-rpg players of grade 11 students in SISC /
_cJoshua Ian L. Adriano.
260 _aLas PiƱas City, Philippines :
_bSouthville International School and Colleges,
_c2014.
300 _a25 pages :
_billustration ;
_c28 cm.
504 _aIncludes bibliographical references.
650 _aInterpersonal relations.
650 _aInterpersonal skills.
650 _aRole-playing games.
650 _aSocial skills in adolescence.
650 _aVideo games
_vSocial aspects.
942 _2lcc
_cPASS
999 _c278651
_d278651